Southville International School and Colleges
Your cart is empty.
  • Cart
  • Lists
    Public lists list_1 View all
    Your lists Log in to create your own lists
  • Log in to your account
  • Your cookies
  • Search history
Southville International School and Colleges
  • Advanced search
  • Recent comments
  • Most popular
  • Libraries

Log in to your account

Log in with GOOGLE


If you do not have an external account, but do have a local account, you can still log in:

  1. Home
  2. MARC view: Essentials of nursing research :
Normal view MARC view ISBD view

Essentials of nursing research : (Record no. 117769)

[ view plain ]
MARC details
000 -LEADER
fixed length control field 00593nam a2200181Ia 4500
008 - FIXED-LENGTH DATA ELEMENTS--GENERAL INFORMATION
fixed length control field 140529s9999 xx 000 0 und d
020 ## - INTERNATIONAL STANDARD BOOK NUMBER
International Standard Book Number 9780781777643
050 ## - LIBRARY OF CONGRESS CALL NUMBER
Classification number RT 81.5
Item number .P63 2006
100 ## - MAIN ENTRY--PERSONAL NAME
Personal name Polit, Denise F.
245 ## - TITLE STATEMENT
Title Essentials of nursing research :
Remainder of title methods, appraisal, and utilization /
Statement of responsibility, etc Denise F. Polit, Cheryl Tatano Beck
250 ## - EDITION STATEMENT
Edition statement 6th ed.
260 ## - PUBLICATION, DISTRIBUTION, ETC. (IMPRINT)
Place of publication, distribution, etc Philadelphia :
Name of publisher, distributor, etc Lippincott Williams & Wilkins,
Date of publication, distribution, etc c2006.
300 ## - PHYSICAL DESCRIPTION
Extent 554 p. :
Other physical details ill. ;
Dimensions 23 cm.
500 ## - GENERAL NOTE
General note Includes glossary, appendices and index.
521 ## - TARGET AUDIENCE NOTE
Target audience note
942 ## - ADDED ENTRY ELEMENTS (KOHA)
Call number prefix Foreign
Koha item type Books
Holdings
Withdrawn status Lost status Damaged status Home library Current library Shelving location Date acquired Total Checkouts Full call number Barcode Date last seen Price effective from Koha item type
      College Library College Library General Circulation Section 05/30/2014   RT 81.5 .P63 2006 C17063 05/15/2018 05/30/2014 Books

Essentials of nursing research :

APA

Polit D. F., . (2006). Essentials of nursing research. Philadelphia: Lippincott Williams & Wilkins.

Chicago

Polit Denise F, . 2006. Essentials of nursing research. Philadelphia: Lippincott Williams & Wilkins.

Harvard

Polit D. F., . (2006). Essentials of nursing research. Philadelphia: Lippincott Williams & Wilkins.

MLA

Polit Denise F, . Essentials of nursing research. Philadelphia: Lippincott Williams & Wilkins. 2006.

  • Place hold
  • Print
  • Cite
  • Add to your cart (remove)
  • Save record
    BIBTEX Dublin Core MARCXML MARC (non-Unicode/MARC-8) MARC (Unicode/UTF-8) MARC (Unicode/UTF-8, Standard) MODS (XML) RIS
  • More searches
    Search for this title in:
    Other Libraries (WorldCat) Other Databases (Google Scholar) Online Stores (Bookfinder.com) Open Library (openlibrary.org)

Exporting to Dublin Core...

SOUTHVILLE LIBRARY

Southville International School and Colleges Library

1281 Tropical Ave. Cor. Luxembourg St., BF Homes International, Las Pinas City

Tel. No. 8256374 / 252358 Loc. 117/146

Powered by Koha